01583nam a22001697a 4500999001700000020001800017082001500035100001400050100002300064245005200087260003100139300001200170520099300182650005501175942001201230952017101242 c26623d26623 a9780124171121 a025bXIE-D aXie, Iris aMatusiak, Krystyna aDiscover Digital LibrariesbTheory And Practise aAmesterdambElsevierc2016 a388,pp. aDiscover Digital Libraries: Theory and Practice is a book that integrates both research and practice concerning digital library development, use, preservation, and evaluation. The combination of current research and practical guidelines is a unique strength of this book. The authors bring in-depth expertise on different digital library issues and synthesize theoretical and practical perspectives relevant to researchers, practitioners, and students. The book presents a comprehensive overview of the different approaches and tools for digital library development, including discussions of the social and legal issues associated with digital libraries. Readers will find current research and the best practices of digital libraries, providing both US and international perspectives on the development of digital libraries and their components, including collection, digitization, metadata, interface design, sustainability, preservation, retrieval, and evaluation of digital libraries.  aDigital librariesvLibrary materials--Digitization 2ddccBK 00104070aNASSDOCbNASSDOCd2021-03-01eOverseas Press India Private Limitedg4113.42i2021-02-22l0o025 XIE-Dp51343r2021-03-03 00:00:00v5876.32w2021-03-03yBK